Nominare un Provincia A-Z - Statistics

Statistiche generali
  • Questo quiz è stato fatto 255 volte
  • Il punteggio medio è 12 su 17
Statistiche sulle risposte
Lettera Provincia % Corretto
B Bari / Barletta-Andria-Trani / Belluno / Benevento / Bergamo / Biella / Bologna / Bolzano / Brescia / Brindisi
97%
C Cagliari / Caltanissetta / Campobasso / Caserta / Catania / Catanzaro / Chieti / Como / Cosenza / Cremona / Crotone / Cuneo
97%
A Agrigento / Alessandria / Ancona / Arezzo / Ascoli Piceno / Asti / Avellino
96%
F Fermo / Ferrara / Firenze / Foggia / Forlì-Cesena / Frosinone
87%
M Macerata / Mantova / Massa-Carrara / Matera / Messina / Milano / Modena / Monza e Brianza
85%
N Napoli / Novara / Nuoro
78%
G Genova / Gorizia / Grosseto
77%
L L'Aquila / La Spezia / Latina / Lecce / Lecco / Livorno / Lodi / Lucca
76%
P Padova / Palermo / Parma / Pavia / Perugia / Pesaro e Urbino / Pescara / Piacenza / Pisa / Pistoia / Pordenone / Potenza / Prato
76%
T Taranto / Teramo / Terni / Torino / Trapani / Trento / Treviso / Trieste
69%
R Ragusa / Ravenna / Reggio Calabria / Reggio Emilio / Rieti / Rimini / Roma /Rocigo
68%
S Salerno / Sassari / Savona / Siena / Siracusa / Sondrio / Sud Sardegna
62%
I Imperia / Isernia
60%
V Varese / Venezia / Verbano-Cusio-Ossola / Vercelli / Verona / Vibo Valentia / Vicenza / Viterbo
58%
E Enna
56%
O Oristano
49%
U Udine
41%
Nessun quiz corrispondente trovato
Distribuzione punteggi
Percentuale di utenti per punteggio
Percentile per numero di risposta
I tuoi punteggi nel tempo
Non hai fatto questo quiz